[Event "Oslo op"]
[Site "Oslo"]
[Date "2018.10.05"]
[Round "8"]
[White "Johansen, Kai Roger"]
[Black "Vangen, David Luangtep"]
[Result "1-0"]
[WhiteElo "1907"]
[BlackElo "1767"]
[PlyCount "136"]
[EventDate "2018.09.30"]
[EventType "swiss"]
[EventRounds "10"]
[EventCountry "NOR"]
[SourceTitle "EXT 2020"]
[Source "ChessBase"]
[SourceDate "2019.10.17"]
[SourceVersion "1"]
[SourceVersionDate "2019.10.17"]
[SourceQuality "1"]

1. Nf3 f5 2. d3 Nf6 3. e4 e6 4. exf5 exf5 5. d4 Be7 6. Bd3 d6 7. 0-0 0-0 8. Re1 d5 9. c3 Ne4 10. Nbd2 Nd7 11. Nf1 Ndf6 12. Ne5 Nd7 13. Nxd7 Bxd7 14. Qb3 Bc6 15. Bxe4 fxe4 16. Rxe4 Ba4 17. Qxa4 dxe4 18. Qb3+ Kh8 19. Qxb7 Bd6 20. Qxe4 Qf6 21. Be3 Rae8 22. Qc2 Qh4 23. g3 Qh3 24. c4 Qd7 25. d5 Rf7 26. Rd1 c5 27. Nd2 Kg8 28. Re1 h5 29. Qd1 Qf5 30. Qe2 Rf6 31. Nb1 Re7 32. Nc3 a6 33. Na4 h4 34. Qf1 hxg3 35. hxg3 Rg6 36. Qg2 Qc2 37. b3 Qxa2 38. Nxc5 Rxe3 39. Rxe3 Qa1+ 40. Qf1 Qxf1+ 41. Kxf1 Bxc5 42. Re8+ Kh7 43. Rc8 Bd4 44. c5 Rg5 45. d6 Bxc5 46. d7 Be7 47. d8Q Bxd8 48. Rxd8 Rb5 49. Rd3 Kg6 50. Ke2 Kf5 51. Ke3 g5 52. f3 Ke5 53. Kd2 Kf5 54. Kc3 Ke6 55. Kc4 Ke5 56. b4 Ke6 57. Ra3 Rb6 58. Ra5 Kf6 59. Kc5 Re6 60. Ra3 Re5+ 61. Kc4 Re6 62. Ra5 Rb6 63. Kc5 Re6 64. Ra3 Re5+ 65. Kc4 Re6 66. g4 Rb6 67. Kc5 Re6 68. Rd3 Ke5 1-0

[Event "Oslo op"]
[Site "Oslo"]
[Date "2018.10.03"]
[Round "5"]
[White "Johansen, Kai Roger"]
[Black "Kaasen, Tor Fredrik"]
[Result "0-1"]
[WhiteElo "1907"]
[BlackElo "2384"]
[PlyCount "102"]
[EventDate "2018.09.30"]
[EventType "swiss"]
[EventRounds "10"]
[EventCountry "NOR"]
[SourceTitle "EXT 2020"]
[Source "ChessBase"]
[SourceDate "2019.10.17"]
[SourceVersion "1"]
[SourceVersionDate "2019.10.17"]
[SourceQuality "1"]

1. Nf3 Nf6 2. d4 g6 3. Bf4 Bg7 4. e3 d6 5. Bd3 0-0 6. 0-0 Nbd7 7. Nbd2 Qe8 8. e4 e5 9. dxe5 dxe5 10. Bg3 h6 11. c3 Nh5 12. Qc2 Qe7 13. Rfe1 c6 14. Nf1 Nc5 15. h3 Rd8 16. Rad1 a5 17. Be2 Re8 18. Ne3 Nxg3 19. fxg3 h5 20. Nh2 Bh6 21. Nhf1 b5 22. g4 h4 23. Bf3 a4 24. Qd2 Bf8 25. Nc2 Be6 26. Nb4 Rac8 27. Ne3 Kh7 28. Qe2 Bh6 29. Nec2 Bc4 30. Qf2 Bf4 31. Re3 Bxe3 32. Qxe3 Ne6 33. Na3 Qc5 34. Nxc4 bxc4 35. Qxc5 Nxc5 36. Rd6 Red8 37. Rxc6 Rxc6 38. Nxc6 Rd2 39. Nxe5 Rxb2 40. a3 Rb3 41. Nxc4 Rxc3 42. Nd6 Rxa3 43. Nxf7 Rc3 44. e5 a3 45. Bd5 Nb3 46. e6 a2 47. e7 a1Q+ 48. Kh2 Re3 49. Ng5+ Kh6 50. Ne6 Rxe6 51. Bxe6 Qe5+ 0-1

[Event "Oslo op"]
[Site "Oslo"]
[Date "2018.09.30"]
[Round "1"]
[White "Dziuba, Marcin"]
[Black "Johansen, Kai Roger"]
[Result "1-0"]
[WhiteElo "2580"]
[BlackElo "1907"]
[PlyCount "75"]
[EventDate "2018.09.30"]
[EventType "swiss"]
[EventRounds "10"]
[EventCountry "NOR"]
[SourceTitle "EXT 2020"]
[Source "ChessBase"]
[SourceDate "2019.10.17"]
[SourceVersion "1"]
[SourceVersionDate "2019.10.17"]
[SourceQuality "1"]

1. Nf3 Nf6 2. c4 c5 3. Nc3 Nc6 4. g3 e5 5. Bg2 d6 6. 0-0 Be7 7. d3 0-0 8. a3 a5 9. Rb1 Bd7 10. Bg5 h6 11. Bxf6 Bxf6 12. Ne1 Qc8 13. Nc2 Bh3 14. Nd5 Bd8 15. b4 Bxg2 16. Kxg2 Ne7 17. Nxe7+ Bxe7 18. bxc5 dxc5 19. Ne3 Qc6+ 20. Nd5 Bd8 21. e3 f5 22. Qf3 Rf7 23. Rb5 g5 24. h3 Kg7 25. Rfb1 Ra6 26. e4 f4 27. gxf4 gxf4 28. Kh2 Kf8 29. Rg1 Qc8 30. Qh5 Rh7 31. Qxe5 Re6 32. Qf5+ Rf7 33. Qg4 Bg5 34. h4 Ke8 35. hxg5 hxg5 36. Kg2 Qd7 37. Rh1 Kf8 38. Rh8+ 1-0

[Event "Oslo op"]
[Site "Fornebu"]
[Date "2017.10.02"]
[Round "5"]
[White "Johansen, Kai Roger"]
[Black "Nordquelle, Amelia"]
[Result "1-0"]
[WhiteElo "1950"]
[BlackElo "1546"]
[PlyCount "89"]
[EventDate "2017.09.29"]
[EventType "swiss"]
[EventRounds "10"]
[EventCountry "NOR"]
[SourceTitle "CBM 181 Extra"]
[Source "ChessBase"]
[SourceDate "2017.12.12"]
[SourceVersion "1"]
[SourceVersionDate "2017.12.12"]
[SourceQuality "1"]

1. d4 Nf6 2. Bf4 d6 3. e3 g6 4. Be2 Bg7 5. Nd2 Nbd7 6. c3 e5 7. Bg3 0-0 8. Ngf3 Re8 9. Qb3 b6 10. Ng5 Qe7 11. 0-0 Bb7 12. Bc4 d5 13. Bb5 c6 14. Be2 Rec8 15. Rae1 c5 16. f4 e4 17. h4 Ne8 18. f5 Bf6 19. fxg6 hxg6 20. Bg4 Bc6 21. Bf4 c4 22. Qd1 Ng7 23. Rf2 Rf8 24. Ref1 a5 25. g3 b5 26. a3 b4 27. axb4 axb4 28. Nh3 Ra7 29. Bg5 Bxg5 30. Nxg5 f6 31. Nh3 bxc3 32. bxc3 Kf7 33. Nf4 f5 34. Be2 g5 35. Bh5+ Kg8 36. Ng6 Qf6 37. Nxf8 Nxf8 38. g4 gxh4 39. gxf5 Qg5+ 40. Rg2 Qxe3+ 41. Kh2 h3 42. Rg3 Qh6 43. f6 Ra2 44. fxg7 Nh7 45. Bf7# 1-0

[Event "Kragero op"]
[Site "Kragero"]
[Date "2017.02.26"]
[Round "9"]
[White "Johansen, Kai Roger"]
[Black "Sebastian, Andreas"]
[Result "1/2-1/2"]
[WhiteElo "1930"]
[BlackElo "1859"]
[PlyCount "120"]
[EventDate "2017.02.22"]
[EventType "swiss"]
[EventRounds "9"]
[EventCountry "NOR"]
[SourceTitle "CBM 177 Extra"]
[Source "ChessBase"]
[SourceDate "2017.04.27"]
[SourceVersion "1"]
[SourceVersionDate "2017.04.27"]
[SourceQuality "1"]

1. d4 Nf6 2. Bf4 c5 3. c3 Qb6 4. Qb3 cxd4 5. Qxb6 axb6 6. Bxb8 Rxb8 7. cxd4 e6 8. Nf3 Bb4+ 9. Nbd2 d5 10. a3 Ra8 11. e3 Bd7 12. Bd3 Bd6 13. Rc1 Ke7 14. Ne5 Ba4 15. Ke2 Rhc8 16. f4 Be8 17. h3 b5 18. g4 Kd8 19. Kf3 b4 20. g5 Nh5 21. axb4 Bxb4 22. Nb3 Ra2 23. Rb1 b6 24. Rhc1 f6 25. Ng4 Ba4 26. Rxc8+ Kxc8 27. Nc1 Bd1+ 28. Kf2 Ra7 29. Bxh7 f5 30. Ne5 Bc2 31. Nc6 Rc7 32. Nxb4 Bxb1 33. Ne2 Rc4 34. Nxd5 exd5 35. Nc3 Be4 36. Bg6 Nxf4 37. exf4 Rxd4 38. h4 Rd2+ 39. Kg1 Rxb2 40. Nxe4 fxe4 41. h5 Rb3 42. Kg2 Kd7 43. Bf7 Ke7 44. Bxd5 Rb2+ 45. Kg3 e3 46. Bc4 e2 47. Kf2 e1Q+ 48. Kxe1 Rb4 49. Bd3 Rxf4 50. h6 gxh6 51. gxh6 Kd6 52. h7 Rh4 53. Kf2 Ke5 54. Kg3 Rh6 55. Kg4 Kf6 56. Kf4 Kg7 57. Ke5 b5 58. Kd4 b4 59. Kc4 Rb6 60. Kb3 Rb8 1/2-1/2

[Event "Kragero op"]
[Site "Kragero"]
[Date "2017.02.22"]
[Round "1"]
[White "Holm, Kristian Stuvik"]
[Black "Johansen, Kai Roger"]
[Result "1-0"]
[WhiteElo "2398"]
[BlackElo "1930"]
[PlyCount "69"]
[EventDate "2017.02.22"]
[EventType "swiss"]
[EventRounds "9"]
[EventCountry "NOR"]
[SourceTitle "CBM 177 Extra"]
[Source "ChessBase"]
[SourceDate "2017.04.27"]
[SourceVersion "1"]
[SourceVersionDate "2017.04.27"]
[SourceQuality "1"]

1. d4 d5 2. c4 c6 3. Nc3 Nf6 4. cxd5 cxd5 5. f3 Nc6 6. e4 e6 7. e5 Nh5 8. Be3 g6 9. Qd2 Bd7 10. Nge2 Na5 11. b3 Rc8 12. g4 Ng7 13. Qb2 Qb6 14. Rb1 h5 15. Bg2 Be7 16. 0-0 Qb4 17. Bd2 Qa3 18. Qa1 Bd8 19. Rbc1 a6 20. Qb1 Qe7 21. h3 b5 22. Nf4 Bb6 23. Kh1 Nc6 24. Ncxd5 exd5 25. Nxd5 Qd8 26. Nf6+ Kf8 27. Rxc6 Rxc6 28. Bb4+ Bc5 29. Bxc5+ Rxc5 30. dxc5 Be6 31. Rd1 Qc7 32. Qd3 Ke7 33. Qd6+ Qxd6 34. cxd6+ Kd8 35. Kg1 1-0

[Event "Oslo op-B"]
[Site "Oslo"]
[Date "2014.09.28"]
[Round "7"]
[White "Johansen, Pal Hermunn"]
[Black "Johansen, Kai Roger"]
[Result "1-0"]
[WhiteElo "1919"]
[BlackElo "1995"]
[PlyCount "47"]
[EventDate "2014.09.28"]
[EventType "swiss"]
[EventRounds "9"]
[EventCountry "NOR"]
[SourceTitle "EXT 2017"]
[Source "ChessBase"]
[SourceDate "2016.10.25"]
[SourceVersion "1"]
[SourceVersionDate "2016.10.25"]
[SourceQuality "1"]

1. e4 c5 2. Nf3 Nc6 3. d4 cxd4 4. Nxd4 Nf6 5. Nc3 d6 6. Bc4 e6 7. 0-0 Be7 8. Be3 0-0 9. f3 a6 10. a4 Qc7 11. Qe2 Bd7 12. Nxc6 Bxc6 13. Rfd1 Rac8 14. a5 Bxe4 15. Bxe6 fxe6 16. fxe4 Qc4 17. Qd3 Qb4 18. Bd4 e5 19. Ra4 Qxb2 20. Nd5 Qxc2 21. Nxe7+ Kf7 22. Nxc8 Qxa4 23. Nxd6+ Ke6 24. Bb6 1-0

[Event "Oslo op-B"]
[Site "Oslo"]
[Date "2014.09.28"]
[Round "9"]
[White "Kvisla, Johannes Luangtep"]
[Black "Johansen, Kai Roger"]
[Result "1-0"]
[WhiteElo "2096"]
[BlackElo "1995"]
[PlyCount "53"]
[EventDate "2014.09.28"]
[EventType "swiss"]
[EventRounds "9"]
[EventCountry "NOR"]
[SourceTitle "EXT 2017"]
[Source "ChessBase"]
[SourceDate "2016.10.25"]
[SourceVersion "1"]
[SourceVersionDate "2016.10.25"]
[SourceQuality "1"]

1. d4 d5 2. c4 e6 3. Nf3 Nf6 4. g3 c6 5. Bg2 Be7 6. 0-0 0-0 7. Qc2 Nbd7 8. Rd1 dxc4 9. Qxc4 Nb6 10. Qc2 Nbd5 11. a3 Qc7 12. e4 Nb6 13. Nc3 Bd7 14. Bf4 Qc8 15. Qe2 Rd8 16. Rac1 a6 17. Ne5 Be8 18. Bh3 Nfd7 19. Nf3 c5 20. d5 exd5 21. exd5 Bf8 22. Ng5 Ra7 23. a4 Qa8 24. Bc7 Rc8 25. d6 a5 26. Bxb6 Nxb6 27. d7 1-0

[Event "IBCA Wch blind 13th"]
[Site "Katerini"]
[Date "2014.05.12"]
[Round "7"]
[White "Spychala, Josefa"]
[Black "Johansen, Kai Roger"]
[Result "0-1"]
[WhiteElo "1469"]
[BlackElo "2015"]
[PlyCount "44"]
[EventDate "2014.05.05"]
[EventType "swiss"]
[EventRounds "9"]
[EventCountry "GRE"]
[SourceTitle "CBM 160 Extra"]
[Source "ChessBase"]
[SourceDate "2014.07.01"]
[SourceVersion "1"]
[SourceVersionDate "2014.07.01"]
[SourceQuality "1"]

1. d4 f5 2. b3 d5 3. Nf3 e6 4. e3 c6 5. c4 Bd6 6. Bd3 Nf6 7. 0-0 0-0 8. Nc3 Ne4 9. Bb2 Nd7 10. cxd5 exd5 11. Qc2 Qe7 12. Nd2 Ndf6 13. f3 Nxc3 14. Bxc3 Qxe3+ 15. Kh1 Qh6 16. g3 Bxg3 17. Nb1 Bd6 18. Qg2 Nh5 19. Be1 Nf4 20. Bd2 Bd7 21. Bxf4 Bxf4 22. Rf2 Be3 0-1

[Event "Politiken Cup 34th"]
[Site "Helsingor"]
[Date "2012.08.04"]
[Round "9"]
[White "Randlov, Carsten"]
[Black "Johansen, Kai Roger"]
[Result "1/2-1/2"]
[WhiteElo "1860"]
[BlackElo "2016"]
[PlyCount "96"]
[EventDate "2012.07.28"]
[EventType "swiss"]
[EventRounds "10"]
[EventCountry "DEN"]
[SourceTitle "CBM 149 Extra"]
[Source "ChessBase"]
[SourceDate "2012.08.24"]
[SourceVersion "1"]
[SourceVersionDate "2012.08.24"]
[SourceQuality "1"]

1. c4 Nf6 2. Nc3 g6 3. e4 d6 4. g3 Bg7 5. Bg2 0-0 6. Nge2 e5 7. d3 c6 8. 0-0 Bg4 9. h3 Be6 10. f4 exf4 11. Nxf4 Nbd7 12. Be3 Qe7 13. b3 Nh5 14. Nxh5 Bxc3 15. Rc1 Bh8 16. Nf4 a5 17. d4 Nf6 18. Nxe6 fxe6 19. Bh6 Bg7 20. Qd2 e5 21. d5 Bxh6 22. Qxh6 c5 23. g4 Rf7 24. Bf3 Raf8 25. Kg2 Kh8 26. Qd2 Kg7 27. Qxa5 Nh5 28. gxh5 Rxf3 29. Rxf3 Qg5+ 30. Kf2 Rxf3+ 31. Kxf3 Qf4+ 32. Ke2 Qxc1 33. Qd2 Qh1 34. h6+ Kf6 35. Qe3 Qg2+ 36. Qf2+ Qxf2+ 37. Kxf2 Kg5 38. Kg3 Kxh6 39. a3 Kg5 40. b4 Kf6 41. bxc5 dxc5 42. Kg4 h6 43. Kh4 Ke7 44. Kg4 Kd6 45. h4 Ke7 46. h5 g5 47. a4 b6 48. Kg3 Kd7 1/2-1/2

[Event "Politiken Cup 34th"]
[Site "Helsingor"]
[Date "2012.07.31"]
[Round "5"]
[White "Kristensen, Bjarke Hautop"]
[Black "Johansen, Kai Roger"]
[Result "1-0"]
[WhiteElo "1824"]
[BlackElo "2016"]
[PlyCount "84"]
[EventDate "2012.07.28"]
[EventType "swiss"]
[EventRounds "10"]
[EventCountry "DEN"]
[SourceTitle "CBM 149 Extra"]
[Source "ChessBase"]
[SourceDate "2012.08.24"]
[SourceVersion "1"]
[SourceVersionDate "2012.08.24"]
[SourceQuality "1"]

1. c4 e5 2. Nc3 Nf6 3. g3 Nc6 4. Bg2 Bc5 5. e3 0-0 6. Nge2 d6 7. 0-0 a6 8. a3 Bf5 9. d3 Qd7 10. b4 Ba7 11. e4 Bh3 12. Bb2 h5 13. Nd5 Ne8 14. Qd2 Bg4 15. Rac1 Ne7 16. Nec3 c6 17. Ne3 Be6 18. Ne2 Ng6 19. d4 Bh3 20. dxe5 dxe5 21. Qxd7 Bxd7 22. c5 f6 23. Rfd1 Be6 24. Nf5 Kf7 25. Rc3 Ne7 26. Bh3 Rc8 27. Nd6+ Nxd6 28. Bxe6+ Kxe6 29. Rxd6+ Kf7 30. Rd7 Rb8 31. Rcd3 Rfc8 32. f4 exf4 33. gxf4 Ke8 34. e5 f5 35. e6 Rd8 36. Bxg7 Rxd7 37. exd7+ Kd8 38. Bf6 b6 39. Re3 bxc5 40. Bxe7+ Kxd7 41. bxc5 Rg8+ 42. Kf2 Bb8 1-0

[Event "Politiken Cup 34th"]
[Site "Helsingor"]
[Date "2012.07.29"]
[Round "3"]
[White "Haugli, Petter"]
[Black "Johansen, Kai Roger"]
[Result "1/2-1/2"]
[WhiteElo "2318"]
[BlackElo "2016"]
[PlyCount "143"]
[EventDate "2012.07.28"]
[EventType "swiss"]
[EventRounds "10"]
[EventCountry "DEN"]
[SourceTitle "CBM 149 Extra"]
[Source "ChessBase"]
[SourceDate "2012.08.24"]
[SourceVersion "1"]
[SourceVersionDate "2012.08.24"]
[SourceQuality "1"]

1. d4 d5 2. c4 e6 3. Nc3 Nf6 4. cxd5 exd5 5. Bg5 Nbd7 6. e3 c6 7. Bd3 Bd6 8. Nge2 0-0 9. Qc2 h6 10. Bh4 Re8 11. h3 Nf8 12. Rb1 a5 13. a3 Bd7 14. b4 axb4 15. axb4 b5 16. 0-0 Qe7 17. Bxf6 gxf6 18. e4 dxe4 19. Nxe4 Bxb4 20. Qc1 f5 21. N4g3 Bd6 22. Qxh6 Qe6 23. Qh5 Qg6 24. Qh4 Be7 25. Qf4 Bd6 26. Qd2 Ra3 27. Qc2 Qg5 28. f4 Qf6 29. Ra1 Rxa1 30. Rxa1 Bxf4 31. Nh5 Be3+ 32. Kh1 Qh4 33. Nhg3 f4 34. Nf5 Qf2 35. Rg1 Re6 36. Qd1 f3 37. gxf3+ Rg6 38. Ne7+ Kg7 39. Bxg6 Qxf3+ 40. Rg2 Qxh3+ 41. Rh2 Qf3+ 42. Rg2 Bh3 43. Nf5+ Kf6 44. Nxe3 Nxg6 45. Kh2 Bxg2 46. Nxg2 b4 47. Qd2 Ne7 48. Ng3 b3 49. Qb4 Ke6 50. Qe1+ Kd7 51. Qb4 Nd5 52. Qb7+ Nc7 53. Qb4 Qd3 54. Ne1 Qb5 55. Qxb5 Nxb5 56. Nd3 Nxd4 57. Kg2 Kd6 58. Kf2 Kd5 59. Nb2 c5 60. Nf1 f5 61. Ne3+ Ke4 62. Nec4 f4 63. Nb6 Ne6 64. N2c4 Kd4 65. Kf3 Kc3 66. Ke4 Nc7 67. Kxf4 Nd5+ 68. Ke5 Nxb6 69. Nxb6 b2 70. Na4+ Kc2 71. Nxb2 Kxb2 72. Kd5 1/2-1/2